Correlaciones al Cd̤igo de Registro Civil despuš de 2014

Bibliographic Details
Main Author: Martn̕ez Atienza, Gorgonio
Format: eBook
Language:Spanish
Published: Barcelona: Editorial vLex, 2014
Subjects:
Online Access:Acceso restringido

MARC

LEADER 00000nam a22000007a 4500
005 20141230230559.0
007 cr|||| ||||
008 141230s2014 es |||||s|||| 00||0 spa d
035 |a 12537 
040 |a vLex 
090 |c 5313  |d 5313 
100 1 |a Martn̕ez Atienza, Gorgonio 
245 1 0 |a Correlaciones al Cd̤igo de Registro Civil despuš de 2014  |h [Recurso electrn̤ico] /  |c Gorgonio Martn̕ez Atienza 
256 |a Servicio en ln̕ea 
260 |a Barcelona:  |b Editorial vLex,  |c 2014 
300 |a 1 recurso electrn̤ico 
506 1 |a Disponible solo en los productos indicados  |d vLex Global  |d vLex Global (Academic Edition, excluding Law Schools)  |d vLex Global (U.S. Academic Edition, Law Schools)  |d vLex Global (U.S. Academic Edition, excluding Law Schools)  |d vLex Global (Academic Edition, Law Schools) 
650 0 4 |a Derecho Civil  |z Espaą 
740 0 |a vLex Libros (Servicio en ln̕ea) 
856 4 0 |u http://vlex.com/source/correlaciones-al-codigo-registro-civil-despues-2014-12537  |z Acceso restringido 
942 |c BOOK 
999 0 |a Civil Law